Statistics for Word Scramble Geography by Letter - K

Click here to take the quiz!

General Stats

  • This quiz has been taken 347 times
  • The average score is 8 of 10

Answer Stats

Answer% Correct
Kabul
100%
Kosovo
100%
Kansas
96%
Kazakhstan
95%
Kenya
95%
Kiev
95%
Kuwait
95%
Kentucky
94%
K2
92%
Kathmandu
91%
Kuala Lumpur
89%
Kampala
86%
Kingston
85%
Kuwait City
84%
Kyrgyzstan
81%
Kigali
80%
Karachi
77%
Kano
70%
Kolkata
70%
Kurdish
70%
Khartoum
68%
Kalahari
67%
Kilimanjaro
67%
Kinshasa
67%
Kiribati
67%
Kingstown
63%
Khmer
61%
Kunming
50%

Score Distribution

Percentile by Number Answered

Percent of People with Each Score

Your Score History

You have not taken this quiz